Astronomy and astrology in the Medieval Islamic World

Αποθηκεύτηκε σε:
Λεπτομέρειες βιβλιογραφικής εγγραφής
Κύριος συγγραφέας: Kennedy, E. S. (Edward Stewart), 1912-2009
Μορφή: Βιβλίο
Γλώσσα:English
Δημοσίευση: Aldershot : Ashgate, c1998.
Σειρά:Collected studies
Θέματα:
Ετικέτες: Προσθήκη ετικέτας
Δεν υπάρχουν, Καταχωρήστε ετικέτα πρώτοι!

MARC

LEADER 00000cam a2200000 i 4500
001 1/255
008 000403s1998 enk| ||| |||| ||eng||
020 |a 086078682X 
035 |l 10059593 
040 |a GR-MyUa  |b gre  |e AACR2 
041 0 |a eng 
082 7 |a 520   |2 (23)  
100 1 |a Kennedy, E. S.   |q (Edward Stewart),   |d 1912-2009. 
245 1 0 |a Astronomy and astrology in the Medieval Islamic World /   |c Edward S. Kennedy.  
260 |a Aldershot :   |b Ashgate,   |c c1998.  
300 |a 1 τ. (ποικίλες σελιδαριθμήσεις) :   |b εικ. ;   |c 23 εκ. 
490 1 |a (Collected studies ;   |v CS600) 
504 |a Περιλαμβάνει βιβλιογραφικές παραπομπές και ευρετήριο.  
650 0 0 |a Astronomy, Arab. 
650 0 0 |a Astronomy, Medieval. 
650 0 0 |a Astrology, Arab. 
830 0 |a Collected studies 
852 |a INST  |b LESVOS  |e 20000403  |h 520 KEN  |p 005100020188  |q 005100020188  |t BK  |y 0 
901 |a BIBL1-2000-1 
922 |a 1ΕΛΗ  |b 200003  |c ΚΠΣ/ΤΚΑ  |d ΠΑΠΑΣΩΤΗΡΙΟΥ 
950 |a 117-1999-11-26 
970 |a ΜΟΥΣΤΑΚΑ  |b ΠΗΝΕΛΟΠΗ  |z 2000/04/22